000
00218nam a22000977a 4500
008
160512b xxu||||| |||| 00| 0 eng d
041
_a
eng
080
_a
616.12
245
_a
The heart:
_c
J.Willis Hurst;
942
_2
udc
_c
BK
999
_c
2130
_d
2130